Es lindo conocer a Jesús: guía del catequista auxiliar de niños 1
Salvato in:
| Ente Autore: | |
|---|---|
| Natura: | Libro |
| Lingua: | spagnolo |
| Pubblicazione: |
Buenos Aires
PPC
2016
|
| Edizione: | 1a. ed |
| Serie: | Catequesis Familiar
|
| Soggetti: | |
| Tags: |
Aggiungi Tag
Nessun Tag, puoi essere il primo ad aggiungerne!!
|
MARC
| LEADER | 00000cam a2200000 a 4500 | ||
|---|---|---|---|
| 001 | UCC3529 | ||
| 003 | CL-VaPUC | ||
| 008 | 180527e20160000ag |||||||||||||||||spa|d | ||
| 020 | |a 9789877401219 | ||
| 082 | 0 | 4 | |a 268.4 |b COM |2 21 |
| 110 | 2 | |a Comisión Diocesana de Catequesis de Comodoro Rivadavia |e author |9 597555 | |
| 245 | 1 | 0 | |a Es lindo conocer a Jesús: guía del catequista auxiliar de niños 1 |
| 250 | |a 1a. ed | ||
| 300 | |a 79 p | ||
| 942 | |c BK | ||
| 945 | |d 20180527 18:33:00 |a dcastane | ||
| 260 | |a Buenos Aires |b PPC |c 2016 | ||
| 650 | 7 | |a CATEQUESIS FAMILIAR |2 CL-VaPUC |9 481682 | |
| 650 | 7 | |a CATEQUISTAS |2 CL-VaPUC |9 481683 | |
| 583 | |a last modification |c 20180527 18:33:00 |k Rodrigo Vera | ||
| 490 | 0 | |a Catequesis Familiar | |
| 999 | |c 371227 |d 371225 | ||
| 952 | |0 0 |1 0 |3 erb |4 0 |6 268_400000000000000_COM_2016 |7 0 |8 A |9 488156 |a BIBTEO |b BIBTEO |i 5472997 |o 268.4 COM 2016 |p 5472997 |r 2025-01-17 |w 2019-11-24 |y BK |z Catalogado en:20180527 |k ICR | ||